[Event "Witwatersrand op"]
[Site "Witwatersrand"]
[Date "2017.07.07"]
[Round "8.11"]
[White "September, Veroe"]
[Black "Mbanjwa, Mlungisi"]
[Result "0-1"]
[WhiteElo "1752"]
[BlackElo "1384"]
[PlyCount "62"]
[EventDate "2017.07.03"]
[EventType "swiss"]
[EventRounds "9"]
[EventCountry "RSA"]
[SourceTitle "EXT 2018"]
[Source "ChessBase"]
[SourceDate "2017.10.13"]
[SourceVersion "1"]
[SourceVersionDate "2017.10.13"]
[SourceQuality "1"]

1. d4 Nf6 2. c4 e6 3. Nf3 Be7 4. g3 0-0 5. Bg2 d5 6. 0-0 Ne4 7. Nc3 f5 8. Bf4 Nd7 9. Nb5 Nd6 10. Nxd6 cxd6 11. cxd5 exd5 12. Qb3 Nb6 13. Nd2 Be6 14. Rfc1 g5 15. Qe3 Bd7 16. Qb3 Bc6 17. Be3 f4 18. gxf4 gxf4 19. Bxf4 Rxf4 20. Qg3+ Bg5 21. e3 Rf5 22. h4 Kh8 23. hxg5 Rxg5 24. Qh3 Qf6 25. f4 Rg6 26. Kf2 Rag8 27. Rg1 Bd7 28. Qf3 Bg4 29. Qg3 Bf5 30. Qf3 Qh4+ 31. Kf1 Bd3+ 0-1

[Event "Witwatersrand op"]
[Site "Witwatersrand"]
[Date "2017.07.04"]
[Round "4.15"]
[White "September, Veroe"]
[Black "Gaothaelwe, Mmusi"]
[Result "1-0"]
[WhiteElo "1752"]
[BlackElo "1298"]
[PlyCount "67"]
[EventDate "2017.07.03"]
[EventType "swiss"]
[EventRounds "9"]
[EventCountry "RSA"]
[SourceTitle "EXT 2018"]
[Source "ChessBase"]
[SourceDate "2017.10.13"]
[SourceVersion "1"]
[SourceVersionDate "2017.10.13"]
[SourceQuality "1"]

1. d4 d5 2. c4 Nf6 3. cxd5 Nxd5 4. e4 Nb6 5. Nc3 e6 6. Nf3 Be7 7. Bd3 0-0 8. 0-0 c5 9. e5 cxd4 10. Nxd4 Bc5 11. Be3 Bxd4 12. Bxd4 Nc6 13. Bc5 Re8 14. f4 Nd5 15. Ne4 b6 16. Ba3 Qh4 17. Qe1 Qxe1 18. Raxe1 Bd7 19. Nd6 Red8 20. Rc1 Nce7 21. Be4 Rab8 22. g3 b5 23. Bc5 a6 24. Rfd1 Bc6 25. Rd2 Rd7 26. Rdc2 b4 27. Nc4 Ba8 28. Na5 Rdd8 29. Bxd5 Nxd5 30. Bd6 Rb5 31. Rc8 g6 32. Rxd8+ Kg7 33. Bf8+ Kg8 34. Bh6# 1-0

[Event "Pretoria USSA op"]
[Site "Pretoria"]
[Date "2013.12.05"]
[Round "6"]
[White "Nene, Themba"]
[Black "September, Veroe"]
[Result "1-0"]
[WhiteElo "1886"]
[BlackElo "1611"]
[PlyCount "49"]
[EventDate "2013.12.02"]
[EventType "swiss"]
[EventRounds "9"]
[EventCountry "RSA"]
[SourceTitle "CBM 158 Extra"]
[Source "ChessBase"]
[SourceDate "2014.02.28"]
[SourceVersion "1"]
[SourceVersionDate "2014.02.28"]
[SourceQuality "1"]

1. d4 Nf6 2. c4 g6 3. Nc3 Bg7 4. Nf3 0-0 5. e3 d6 6. Be2 Nbd7 7. 0-0 e5 8. dxe5 dxe5 9. Qc2 c6 10. b3 Qe7 11. Bb2 e4 12. Nd2 Re8 13. a3 Nf8 14. b4 h5 15. c5 Bf5 16. Nc4 Ng4 17. Nd6 Be5 18. Bxg4 Bxg4 19. Nxe8 Qh4 20. g3 Qh3 21. Nf6+ Bxf6 22. Nxe4 Bf3 23. Nxf6+ Kh8 24. Nxh5+ Kg8 25. Nf4 1-0